000 00582nam a22001697a 4500
005 20231120075603.0
008 231120b |||||||| |||| 00| 0 eng d
020 _a9780409078602
041 _aEnglish
082 _a343.4 INC
100 _aLexisNexis editorial staff
_lEnglish
245 _aIncome Tax Legislation :
_bincluding the Tax Administration Act 28 of 2011,
_cLexisNexis editorial staff
260 _aDurban :
_bLexisNexis (Pty) Ltd,
_c2012
300 _bvii, 507 pages ;
_c25 cm.
650 _aLegal practice
_bLaw
942 _cBK
_6ALISON_BN_VRIES
999 _c784
_d784